Classical Music- J-K-L - Statistics

General Stats
  • This quiz has been taken 32 times
  • The average score is 6 of 13
Answer Stats
Hint Answer % Correct
L Hungarian Romantic-era composer and piano virtuoso who became an abbe in the church in his elder years Franz Liszt
79%
L Either of two Italian terms indicating to play slowly lento
75%
J American composer of music used in the film "The Sting" which revitalized interest in his music Scott Joplin
75%
L Italian term meaning to play very smoothly legato
71%
J Ravel piano solo that translates literally as "water games" Jeux d'eau
46%
L Popular piano composition by the above; the title translates as "Love's Dream" Liebestraum
46%
L Opera by Wagner based on the medieval legend "Knight of the Swan" Lohengrin
43%
K Famed center for the performing arts, located in Washington D.C. Kennedy Center
39%
K 20th century child prodigy who went on to compose American film soundtracks Erich Korngold
29%
L Italian composer of the opera "Pagliacci" Leoncavallo
25%
L Nickname of Beethoven's piano sonata #26 in E flat Les Adieux
14%
J Czech composer who embraced the late 19th century musical interest in nationalism Janecek
4%
J Oratorio in three acts composed by Handel, based on Old Testament texts of Jewish resistance to oppression Judas Maccabeus
4%
No matching quizzes found
Score Distribution
Percent of People with Each Score
Percentile by Number Answered
Your Score History
You have not taken this quiz